000 00563nam a2200181Ia 4500
003 GCL
008 140319s9999 xx 000 0 ara d
040 _aGCL /
_cGCL
082 0 4 _a813.081
_bا ر
100 1 _aاحمد حقى
245 1 0 _aرواية: عوامل الشجون فى تاريخ ابن طولون /
_cاحمد حقى
300 _a96 ص
490 _aالهيئة العامة للاستعلامات
_v0
650 0 4 _aالادب العربى
650 0 4 _aالقصص العربية
650 0 4 _aالقصص التاريخية
942 _2ddc
_cBK
999 _c49605
_d49605